000 00625nam a2200205Ia 4500
005 20250508160727.0
008 008 250505s9999 xx 000 0 eng d
020 _a0-471-80179-8
037 _aTextual
040 _aFEDL
_beng
_cFEDL
041 _aeng
_2eng
084 _a372.2, SMI
_qFEDL
100 _aSmith Louis M
_9189358
245 0 _aAnatomy of educational innovation: An organizational analysis of an elementary school
260 _aNew York, USA
_bJohn Wiley and Sons
_c1971
300 _avi,420p.
700 _a Keith Pat M
_9769209
942 _cTEXL
_h372.2, SMI
999 _c1366271
_d1366271